000 00952nam a2200229 i 4500
001 187949
003 ES-MaACL
005 20250603182318.0
008 180328s1892 sp |||| | spa d
100 1 _aSanromá, Joaquín María,
_d1828-1895
_9103198
245 1 0 _aConferencia dada por Don Joaquín María Sanromá el día 15 de enero de 1892.
246 3 _aNuestras alianzas comerciales.
260 _a[S.l. :
_bs.n.],
_c1892 (
_eMadrid :
_fTip. de Tomás Minuesa de los Ríos)
300 _a21 p. ;
_c23 cm.
530 _aDisponible en formato digital.
594 _aPrecede al tít.: Círculo de la Unión Mercantil e Industrial.
651 7 _aEspaña-
_xPolítica comercial-
_yS.XIX
_2
_9172067
710 2 _aCírculo de la Unión Mercantil e Industrial (Madrid)
_92827
852 _aES-MaACL
_jF-13197(2)
856 _uhttp://bdh-rd.bne.es/viewer.vm?id=0000076899&page=1
_zBiblioteca Digital Hispánica
999 _c187949
_d187949